| 000 | 00586nam a2200205 a 4500 | ||
|---|---|---|---|
| 001 | 23454 | ||
| 003 | CO-ViMGA | ||
| 008 | 141112s2004 ck r 000 u spa d | ||
| 020 | _a9701024133 | ||
| 040 |
_aCO-ViMGA _bspa _cCO-ViMGA |
||
| 082 | 0 | 4 | _a540 P445q |
| 100 | 1 |
_aPhillips, John S. _933814 |
|
| 245 | 1 | 0 |
_aQuímica : _bConceptos y aplicaciones / _cJohn S. Phillips ... [et al.] |
| 246 | _aChemistry concepts and applications | ||
| 260 |
_aMéxico : _bMcGraw Hill |
||
| 300 | _axxiii; 857 p. | ||
| 650 | 1 | 4 |
_aQuimica _910461 |
| 650 | 1 | 4 |
_aQuímica nuclear _933815 |
| 942 |
_2ddc _cBK |
||
| 999 |
_c31604 _d31604 |
||